|
|
|
|
| LEADER |
01967nam a2200469 i 4500 |
| 001 |
EBC1695943 |
| 003 |
MiAaPQ |
| 005 |
20200520144314.0 |
| 006 |
m o d | |
| 007 |
cr cnu|||||||| |
| 008 |
140614t20142014enk ob 000 0 eng d |
| 020 |
|
|
|z 9781783505159
|
| 020 |
|
|
|a 9781783505166
|q (electronic bk.)
|
| 035 |
|
|
|a (MiAaPQ)EBC1695943
|
| 035 |
|
|
|a (Au-PeEL)EBL1695943
|
| 035 |
|
|
|a (CaPaEBR)ebr10875704
|
| 035 |
|
|
|a (CaONFJC)MIL618573
|
| 035 |
|
|
|a (OCoLC)881165581
|
| 040 |
|
|
|a MiAaPQ
|b eng
|e rda
|e pn
|c MiAaPQ
|d MiAaPQ
|
| 050 |
|
4 |
|a HD57.8
|b .F655 2014
|
| 082 |
0 |
|
|a 302.35
|2 23
|
| 245 |
0 |
0 |
|a Followership :
|b what is it and why do people follow? /
|c edited by Laurent M. Lapierre, Melissa K. Carstein.
|
| 250 |
|
|
|a First edition.
|
| 264 |
|
1 |
|a Bingley, England :
|b Emerald,
|c 2014.
|
| 264 |
|
4 |
|c 2014
|
| 300 |
|
|
|a 1 online resource (193 pages)
|
| 336 |
|
|
|a text
|2 rdacontent
|
| 337 |
|
|
|a computer
|2 rdamedia
|
| 338 |
|
|
|a online resource
|2 rdacarrier
|
| 504 |
|
|
|a Includes bibliographical references at the end of each chapters.
|
| 505 |
0 |
|
|a Part 1. What is followership? -- Part 2. Why do people follow?
|
| 588 |
|
|
|a Description based on online resource; title from PDF title page (ebrary, viewed June 12, 2014).
|
| 590 |
|
|
|a Electronic reproduction. Ann Arbor, MI : ProQuest, 2015. Available via World Wide Web. Access may be limited to ProQuest affiliated libraries.
|
| 650 |
|
0 |
|a Followership
|x Social aspects.
|
| 650 |
|
0 |
|a Organizational effectiveness
|x Social aspects.
|
| 650 |
|
0 |
|a Leadership.
|
| 655 |
|
4 |
|a Electronic books.
|
| 700 |
1 |
|
|a Lapierre, Laurent M.,
|e editor.
|
| 700 |
1 |
|
|a Carstein, Melissa K.,
|e editor.
|
| 776 |
0 |
8 |
|i Print version:
|t Followership : what is it and why do people follow?
|d Bingley, England : Emerald, c2014
|b First edition.
|h viii, 178 pages
|z 9781783505159
|
| 797 |
2 |
|
|a ProQuest (Firm)
|
| 856 |
4 |
0 |
|u https://ebookcentral.proquest.com/lib/matrademy/detail.action?docID=1695943
|z Click to View
|